000 00585nam a22002177a 4500
999 _c4068
_d4068
001 4068
003 BD-JhCC
005 20180325164719.0
008 171122s1958 pk ao||| |||| 000 0 eng d
035 _a(BD-JhCC)4068
040 _aBD-JhCC
_dBD-JhCC
041 _aeng
082 _a920
_bWAL 1958
100 _aWalton, Jhon
245 _aQuaid-I-Azam :
_bThe Story of Mohammad Ali Jinnah /
_cJhon Walton,
260 _aPakistan :
_bOxford University Press Pakistan Branch ,
_c1958.
300 _a44 p. :
_bill. ;
_c18 cm.
650 _aBiography
942 _2ddc
_cBK